| 000 | 00502nam a22001937a 4500 | ||
|---|---|---|---|
| 999 |
_c7337 _d7337 |
||
| 003 | OSt | ||
| 005 | 20211006121244.0 | ||
| 008 | 211006b ||||| |||| 00| 0 eng d | ||
| 020 | _a9780415774246 | ||
| 040 | _cDDC. | ||
| 082 | _a384.55 MIL 2010. | ||
| 100 |
_aMiller, Toby _915034 |
||
| 245 | _aTelevision Studies: The Basics | ||
| 260 |
_aNew York : _bRoutledge; _c2012, |
||
| 300 |
_a254p.; _bill, _c23cm. |
||
| 504 | _aIncludes index. | ||
| 650 |
_aTelevision Studies. _915035 |
||
| 942 |
_2ddc _cBOOK |
||